| 000 | 00496nam a2200157Ia 4500 | ||
|---|---|---|---|
| 020 | _a0195776577(hb) | ||
| 082 |
_a954.91 _bTAL |
||
| 100 |
_aTalbot, Ian _913136 |
||
| 245 |
_aFreedom's cry: _bthe popular dimension in the Pakistan movement and partition experience in north-west India |
||
| 260 |
_aKarachi: _bOxford University Press, _c1996 |
||
| 300 | _axiv- 246p | ||
| 526 |
_a0 _b0 _c0 _d954_910000000000000_TAL |
||
| 650 |
_aMCE _9379 |
||
| 650 |
_aPakistan Movement _9203 |
||
| 942 |
_2ddc _cBK |
||
| 999 |
_c549814 _d549814 |
||